000 00408nam a2200181Ia 4500
001 3381
005 20260306145639.0
008 260306t1995||||xx |||||||||||||| ||spa||
041 _aESP
082 _a270.92
_bL21
100 _aLamet, Pedro Miguel
_eAUT
245 0 _aHombre y Papa
260 _c1995
300 _a539 páginas :
_c22 cm.
650 _aGEN
654 _aCHU
942 _cLIB
_dJUS
_fJUS
_2ddc
_n
999 _c3381
_d3381